| 000 | 00774nam a2200253 a 4500 | ||
|---|---|---|---|
| 001 | 991016538939707486 | ||
| 003 | OSt | ||
| 005 | 20240813092653.0 | ||
| 008 | 150910r20152014ck gr 0001f spa d | ||
| 020 | _a9789588886121 | ||
| 040 |
_bspa _cCO-JMCR |
||
| 082 | 0 | 4 |
_aA-N _bMARc |
| 100 | 1 |
_aGarcía Márquez, Gabriel, _9578 |
|
| 245 | 1 | 3 |
_aEl coronel no tiene quien le escriba / _cGabriel García Márquez. |
| 260 |
_aBogotá : _bDebolsillo, |
||
| 300 |
_a98 páginas ; _c23 cm. |
||
| 490 | 0 | _aDebolsillo. Contemporánea | |
| 586 | _aPremio Nobel de Literatura | ||
| 650 | 7 |
_aNovela colombiana. _2BLAAUTO |
|
| 650 | 7 |
_aEsperanza _v Novela. _2BLAAUTO _943787 |
|
| 650 | 7 |
_aPensiones militares _v Novela. _2BLAAUTO _943788 |
|
| 942 |
_2ddc _cBK |
||
| 949 |
_ac _bc |
||
| 999 |
_c30807 _d17191 |
||